000 00619nam a2200241 a 4500
001 nice12345678
003 IN_TiNIC
005 20260116014552.0
008 050524s2003 lona grp 000 0 eng
020 _a0199740
_c650
082 0 0 _a297.0954
_bEAT
100 _aEaton, Richard M
245 _aIndia`s Islamic Traditions, 711-1750
260 _aLondan
_bOxford University Press
_c2003
300 _a439p
500 _aincludes index and biblioraphy
505 2 _aBibliography, Index
650 _aIslam-India
700 1 _aEaton, Richard M
902 _bSRS
942 _cBK
999 _c16006
_d16006